[Event "Ljubljana"]
[Site "Ljubljana"]
[Date "2010.06.16"]
[Round "10"]
[White "Brank, Ziga"]
[Black "Zoric, Darko"]
[Result "0-1"]
[WhiteElo "1703"]
[BlackElo "1734"]
[PlyCount "132"]
[EventDate "2010.05.05"]
[EventType "tourn"]
[EventRounds "11"]
[EventCountry "SLO"]
[SourceTitle "EXT 2012"]
[Source "ChessBase"]
[SourceDate "2011.11.24"]
[SourceVersion "1"]
[SourceVersionDate "2011.11.24"]
[SourceQuality "1"]

1. e4 c5 2. c3 e6 3. d4 cxd4 4. cxd4 d6 5. Nf3 Nf6 6. Nc3 a6 7. Be2 Be7 8. 0-0 0-0 9. Bf4 Nh5 10. Be3 Nf6 11. Qd3 b5 12. d5 e5 13. h3 Ne8 14. Nd2 Nd7 15. b4 Bg5 16. f4 Bxf4 17. Bxf4 exf4 18. Rxf4 Ne5 19. Qe3 Rb8 20. Qg3 Rb7 21. Nb3 f5 22. Raf1 Rbf7 23. Kh1 Qe7 24. exf5 Bxf5 25. Nd4 Bd7 26. Rxf7 Rxf7 27. Rxf7 Qxf7 28. Nf3 Ng6 29. Ng5 Qf4 30. Qxf4 Nxf4 31. Bd1 Nf6 32. Bc2 N4xd5 33. Bb3 Bc6 34. Nge4 Kf8 35. Nxd5 Nxe4 36. Nc7 Bb7 37. Ne6+ Ke7 38. Nxg7 Bc8 39. Bc2 Nf6 40. Nf5+ Ke6 41. g4 Ke5 42. Kg2 Bb7+ 43. Kf2 Be4 44. Ne3 Bxc2 45. Nxc2 Ne4+ 46. Ke3 d5 47. Nd4 Kd6 48. h4 Nc3 49. a3 Nb1 50. Nc2 Ke5 51. h5 Nc3 52. Kd3 Ne4 53. Nd4 Nf2+ 54. Kc3 Nxg4 55. Nc6+ Kd6 56. Nb8 Nf6 57. Nxa6 Nxh5 58. Nc5 Nf4 59. a4 bxa4 60. Nxa4 Kc6 61. Kd4 h5 62. Nc3 h4 63. b5+ Kb6 64. Nd1 h3 65. Nf2 h2 66. Ke5 Nd3+ 0-1

[Event "Nova Gorica op-B 15th"]
[Site "Nova Gorica"]
[Date "2010.02.06"]
[Round "9"]
[White "Brank, Ziga"]
[Black "Kralj, Manca"]
[Result "0-1"]
[WhiteElo "1636"]
[BlackElo "1769"]
[PlyCount "50"]
[EventDate "2010.01.31"]
[EventType "swiss"]
[EventRounds "9"]
[EventCountry "SLO"]
[SourceTitle "CBM 134 Extra"]
[Source "ChessBase"]
[SourceDate "2010.03.03"]
[SourceVersion "1"]
[SourceVersionDate "2010.03.03"]
[SourceQuality "1"]

1. e4 e5 2. Nf3 Nc6 3. d4 exd4 4. Bc4 Bc5 5. c3 Qe7 6. 0-0 dxc3 7. Nxc3 Nf6 8. Nd5 Qd8 9. Ng5 Ne5 10. Bb3 h6 11. Bf4 hxg5 12. Bxe5 d6 13. Bxf6 gxf6 14. Qf3 Bd4 15. Rad1 Be5 16. g3 c6 17. Ne3 Bh3 18. Rfe1 Qd7 19. Qe2 Rh7 20. Nc4 0-0-0 21. Qe3 Kb8 22. Nxe5 fxe5 23. Qxg5 Rdh8 24. Qxe5 dxe5 25. Rxd7 Bxd7 0-1

[Event "Nova Gorica op-B 15th"]
[Site "Nova Gorica"]
[Date "2010.02.03"]
[Round "6"]
[White "Brank, Ziga"]
[Black "Di Lazzaro, Gabriele"]
[Result "0-1"]
[WhiteElo "1636"]
[BlackElo "1927"]
[PlyCount "107"]
[EventDate "2010.01.31"]
[EventType "swiss"]
[EventRounds "9"]
[EventCountry "SLO"]
[SourceTitle "CBM 134 Extra"]
[Source "ChessBase"]
[SourceDate "2010.03.03"]
[SourceVersion "1"]
[SourceVersionDate "2010.03.03"]
[SourceQuality "1"]

1. e4 c5 2. c3 g6 3. d4 cxd4 4. cxd4 d5 5. e5 Nc6 6. Nf3 Bg4 7. Be2 Nh6 8. Ng1 Be6 9. g4 Qb6 10. Be3 Qxb2 11. Nd2 Qb6 12. Nb3 Bg7 13. Nh3 Bc8 14. 0-0 f6 15. exf6 exf6 16. Nf4 Qd8 17. Bf3 Ne7 18. Nc5 Qd6 19. Qa4+ Kf7 20. h3 b6 21. Ncd3 Bb7 22. Qb3 Rhd8 23. Bd2 Nhg8 24. Rfe1 Ba6 25. Nb4 Bc4 26. Qa4 Qd7 27. Qxd7 Rxd7 28. Rac1 a5 29. Nc2 Bh6 30. Rcd1 Bxa2 31. Ne6 Bb3 32. Bxh6 Nxh6 33. Rd2 Bxc2 34. Rxc2 a4 35. g5 Nhf5 36. gxf6 Kxf6 37. Nc7 Nxd4 38. Rc3 Ra7 39. Rec1 Nxf3+ 40. Rxf3+ Nf5 41. Nb5 Ra6 42. Rc6+ Kg7 43. Nc7 Nd4 44. Ne6+ Nxe6 45. Rxe6 a3 46. Re1 a2 47. Ra1 b5 48. Rb3 Ra5 49. Rb2 Rda7 50. Rd2 b4 51. Rb2 Ra4 52. Kf1 Kf6 53. Ke2 Ke5 54. Kd3 0-1

[Event "Nova Gorica op-B 15th"]
[Site "Nova Gorica"]
[Date "2010.02.03"]
[Round "5"]
[White "Grosar, Gari"]
[Black "Brank, Ziga"]
[Result "1-0"]
[WhiteElo "1898"]
[BlackElo "1636"]
[PlyCount "49"]
[EventDate "2010.01.31"]
[EventType "swiss"]
[EventRounds "9"]
[EventCountry "SLO"]
[SourceTitle "CBM 134 Extra"]
[Source "ChessBase"]
[SourceDate "2010.03.03"]
[SourceVersion "1"]
[SourceVersionDate "2010.03.03"]
[SourceQuality "1"]

1. e4 c5 2. c3 d5 3. exd5 Qxd5 4. d4 Nf6 5. Nf3 Bg4 6. Be2 e6 7. h3 Bh5 8. Na3 cxd4 9. Nb5 Qd8 10. Nbxd4 Be7 11. Bf4 0-0 12. Qb3 Qb6 13. Qxb6 axb6 14. 0-0 Nc6 15. Rfe1 Nxd4 16. Nxd4 Bxe2 17. Rxe2 Nd5 18. Bg3 Rfd8 19. Nb5 Bg5 20. Nc7 Rac8 21. Nxd5 Rxd5 22. Re5 Rcc5 23. Rae1 Bf6 24. R5e4 Rb5 25. c4 1-0

[Event "Nova Gorica op-B 15th"]
[Site "Nova Gorica"]
[Date "2010.02.02"]
[Round "4"]
[White "Brank, Ziga"]
[Black "Belardinelli, Franco"]
[Result "1-0"]
[WhiteElo "1636"]
[BlackElo "1915"]
[PlyCount "75"]
[EventDate "2010.01.31"]
[EventType "swiss"]
[EventRounds "9"]
[EventCountry "SLO"]
[SourceTitle "CBM 134 Extra"]
[Source "ChessBase"]
[SourceDate "2010.03.03"]
[SourceVersion "1"]
[SourceVersionDate "2010.03.03"]
[SourceQuality "1"]

1. e4 c6 2. d4 d6 3. Bd3 Nf6 4. h3 g6 5. Nf3 Bg7 6. 0-0 0-0 7. c4 Nbd7 8. Nc3 e5 9. dxe5 dxe5 10. b4 Qe7 11. Rb1 Rd8 12. Be3 Nb6 13. Qe2 Nbd7 14. b5 Nc5 15. Bc2 Nh5 16. Rfd1 Ne6 17. Rxd8+ Qxd8 18. Qd1 Qe7 19. bxc6 bxc6 20. Ba4 Qc7 21. Nd2 Ba6 22. Rc1 Rd8 23. Nd5 cxd5 24. cxd5 Qe7 25. dxe6 Qxe6 26. Rc6 Rd6 27. Rc2 Bc4 28. Rxc4 Rxd2 29. Qc1 Rd8 30. Bb3 Nf4 31. Bxf4 exf4 32. Rc7 Qxe4 33. Rxf7 Kh8 34. Rxg7 Qd4 35. Rc7 g5 36. Qc2 Rd7 37. Rc8+ Rd8 38. Rxd8+ 1-0